banner-ar

ادارة المشتريات والمخازن : (Record no. 8617)

MARC details
000 -الفاتح
حقل البيانات ثابتة الطول 00901nam a2200253Ia 4500
008 - عناصر البيانات ثابتة الطول - معلومات عامة
حقل البيانات ثابتة الطول 140319s9999 xx 000 0 ara d
040 ## - مصدر الفهرسة
وكالة الفهرسة الأصلية GCL /
وكالة النسخ GCL
082 04 - رقم تصنيف ديوى العشرى
رقم التصنيف 658.7
رقم المادة م ا
100 1# - المدخل الرئيسى - إسم شخصى
الإسم الشخصى منى محمد ابراهيم البطل
245 10 - بيان العنوان
العنوان ادارة المشتريات والمخازن :
بقية العنوان استراتيجيا والكترونيا /
بيان المسئوليه,etc منى محمد ابراهيم البطل
300 ## - الوصف المادى
التعداد 363 ص ؛
أبعاد الوعاء 24 سم
650 04 - المدخل الاضافى بالموضوع-مصطلح موضوعى
مصطلح موضوعي التجارة الخارجية
650 04 - المدخل الاضافى بالموضوع-مصطلح موضوعى
مصطلح موضوعي ادارة المشتريات
650 04 - المدخل الاضافى بالموضوع-مصطلح موضوعى
مصطلح موضوعي ادارة المخازن
650 04 - المدخل الاضافى بالموضوع-مصطلح موضوعى
مصطلح موضوعي الاستهلاك
650 04 - المدخل الاضافى بالموضوع-مصطلح موضوعى
مصطلح موضوعي التجارة الدولية
650 04 - المدخل الاضافى بالموضوع-مصطلح موضوعى
مصطلح موضوعي الشراء
650 04 - المدخل الاضافى بالموضوع-مصطلح موضوعى
مصطلح موضوعي المخازن
650 04 - المدخل الاضافى بالموضوع-مصطلح موضوعى
مصطلح موضوعي القوة الشرائية
650 04 - المدخل الاضافى بالموضوع-مصطلح موضوعى
مصطلح موضوعي التجارة الالكترونية
942 ## - عناصر المدخل الإضافي( كوها)
مصدر التصنيف او مخطط الترفيف Dewey Decimal Classification
Koha [default] item type كتاب
260 ## - PUBLICATION, DISTRIBUTION, ETC. (IMPRINT)
-- القاهرة :
-- الفا والولاء للطباعة
Holdings
حالة التراجع حالة الفقد حالة تلف ليس للاعارة المكان المؤقت الموقع الحالى تاريخ الاكتساب اجمالي اﻻعارات رقم الطلب الباركود تاريخ اخر مشاهدة تاريخ تفعيل السعر نوع وعاء كوها
        مكتبة القاهرة الكبرى مكتبة القاهرة الكبرى 03/26/2014   658.7\م ا 18035 03/26/2014 03/26/2014 كتاب
        مكتبة القاهرة الكبرى مكتبة القاهرة الكبرى 03/26/2014   658.7\م ا 18036 03/26/2014 03/26/2014 كتاب
        مكتبة القاهرة الكبرى مكتبة القاهرة الكبرى 03/26/2014   658.7\م ا 18037 03/26/2014 03/26/2014 كتاب

Powered By

EGPV